Palena: un río, un arbitraje

Guardat en:
Dades bibliogràfiques
Autor principal: Barros Franco, José Miguel (Autor)
Format: Llibre
Idioma:espanyol
Publicat: Santiago Santillana 1984
Matèries:
Etiquetes: Afegir etiqueta
Sense etiquetes, Sigues el primer a etiquetar aquest registre!

MARC

LEADER 00000nam a2200000 a 4500
001 UCL3573
003 CL-VaPUC
008 031128e19840000CL |||||||||||||||||spa|d
082 0 4 |a 341.442  |b BAR  |2 21 
100 0 |a Barros Franco, José Miguel  |e author  |9 480912 
245 1 0 |a Palena: un río, un arbitraje 
300 |a v 
942 |c BK 
945 |d 20031128 00:00:00  |a cmena 
260 |a Santiago  |b Santillana  |c 1984 
500 |a v.2: Documentos y láminas 
650 0 |a Rios  |9 261760 
650 0 |a Derecho internacional  |9 255637 
650 0 |a Tratados internacionales   |9 256056 
650 7 |a TRATADOS LIMITROFES  |2 CL-VaPUC  |9 447721 
650 0 |a Arbitraje  |9 328491 
651 0 |a Argentina  |9 254888 
651 7 |a CHILE  |2 CL-VaPUC  |9 480913 
651 7 |a RIO PALENA  |2 CL-VaPUC  |9 480914 
583 |a last modification  |c 20031128 00:00:00  |k Rodrigo Vera 
999 |c 306593  |d 306591 
952 |0 0  |1 0  |2 ddc  |4 0  |6 341_442000000000000_BAR_1984  |7 0  |8 A  |9 371703  |a BIBCUR  |b BIBCUR  |c PAC  |d 2019-11-21  |h v.1  |i 3969479  |o 341.442 BAR 1984  |p 3969479  |r 2025-04-22  |w 2019-11-21  |y BK  |k PER 
952 |0 0  |1 0  |2 ddc  |4 0  |6 341_442000000000000_BAR_1984  |7 0  |8 A  |9 371704  |a BIBCUR  |b BIBCUR  |c PAC  |d 2019-11-21  |h v.2  |i 3969487  |o 341.442 BAR 1984  |p 3969487  |r 2025-04-22  |w 2019-11-21  |y BK  |k PER 
952 |0 0  |1 0  |4 0  |6 341_442000000000000_BAR_1984  |7 0  |8 A  |9 371705  |a BIBDER  |b BIBDER  |d 2019-11-21  |h v.1  |i 3969312  |o 341.442 BAR 1984  |p 3969312  |r 2023-01-25  |w 2019-11-21  |y BK  |k DER 
952 |0 0  |1 0  |4 0  |6 341_442000000000000_BAR_1984  |7 0  |8 A  |9 371706  |a BIBDER  |b BIBDER  |d 2019-11-21  |h v.1  |i 3969320  |o 341.442 BAR 1984  |p 3969320  |r 2023-01-25  |w 2019-11-21  |y BK  |k DER 
952 |0 0  |1 0  |4 0  |6 341_442000000000000_BAR_1984  |7 0  |8 A  |9 371708  |a BIBDER  |b BIBDER  |d 2019-11-21  |h v.2  |i 3969347  |o 341.442 BAR 1984  |p 3969347  |r 2023-01-25  |w 2019-11-21  |y BK  |k DER 
952 |0 0  |1 0  |4 0  |6 341_442000000000000_BAR_1984  |7 0  |8 A  |9 371709  |a BIBDER  |b BIBDER  |d 2019-11-21  |h v.2  |i 3969355  |o 341.442 BAR 1984  |p 3969355  |r 2023-01-25  |w 2019-11-21  |y BK  |k DER 
952 |0 0  |1 0  |4 0  |6 341_442000000000000_BAR_1984  |7 0  |8 P  |9 371711  |a BIBEDU  |b BIBEDU  |c BIBEDU_PB  |d 2019-11-21  |h v.1  |i 3969371  |o 341.442 BAR 1984  |p 3969371  |r 2024-01-25  |w 2019-11-21  |y BK  |k BME 
952 |0 0  |1 0  |4 0  |6 341_442000000000000_BAR_1984  |7 0  |8 P  |9 371712  |a BIBEDU  |b BIBEDU  |c BIBEDU_PB  |d 2019-11-21  |h v.1  |i 396938K  |o 341.442 BAR 1984  |p 396938K  |r 2024-01-25  |w 2019-11-21  |y BK  |k BME 
952 |0 0  |1 0  |4 0  |6 341_442000000000000_BAR_1984  |7 0  |8 P  |9 371713  |a BIBEDU  |b BIBEDU  |c BIBEDU_PB  |d 2019-11-21  |h v.1  |i 3969398  |o 341.442 BAR 1984  |p 3969398  |r 2024-01-25  |w 2019-11-21  |y BK  |k BME 
952 |0 0  |1 0  |4 0  |6 341_442000000000000_BAR_1984  |7 0  |8 P  |9 371714  |a BIBEDU  |b BIBEDU  |c BIBEDU_PB  |d 2019-11-21  |h v.2  |i 3969401  |o 341.442 BAR 1984  |p 3969401  |r 2024-01-25  |w 2019-11-21  |y BK  |k BME 
952 |0 0  |1 0  |4 0  |6 341_442000000000000_BAR_1984  |7 0  |8 P  |9 371715  |a BIBEDU  |b BIBEDU  |c BIBEDU_PB  |d 2019-11-21  |h v.2  |i 396941K  |o 341.442 BAR 1984  |p 396941K  |r 2024-01-25  |w 2019-11-21  |y BK  |k BME 
952 |0 0  |1 0  |4 0  |6 341_442000000000000_BAR_1984  |7 0  |8 P  |9 371716  |a BIBEDU  |b BIBEDU  |c BIBEDU_PB  |d 2019-11-21  |h v.2  |i 3969428  |o 341.442 BAR 1984  |p 3969428  |r 2024-01-25  |w 2019-11-21  |y BK  |k BME 
952 |0 0  |1 0  |2 ddc  |4 0  |6 341_442000000000000_BAR_1984  |7 0  |8 A  |9 371717  |a BIBALI  |b BIBALI  |c GEN  |d 2019-11-21  |h v.1  |i 3969517  |o 341.442 BAR 1984  |p 3969517  |r 2025-01-20  |w 2019-11-21  |y BK  |k ALI 
952 |0 0  |1 0  |2 ddc  |4 0  |6 341_442000000000000_BAR_1984  |7 0  |8 A  |9 371720  |a BIBALI  |b BIBALI  |c GEN  |d 2019-11-21  |h v.2  |i 3969541  |o 341.442 BAR 1984  |p 3969541  |r 2025-01-20  |w 2019-11-21  |y BK  |k ALI 
952 |0 0  |1 0  |4 0  |6 341_442000000000000_BAR_1984  |7 0  |8 A  |9 371721  |a BIBGIM  |b BIBGIM  |d 2019-11-21  |h v.1  |i 3969436  |o 341.442 BAR 1984  |p 3969436  |r 2025-01-15  |w 2019-11-21  |y BK  |k GIM 
952 |0 0  |1 0  |4 0  |6 341_442000000000000_BAR_1984  |7 0  |8 A  |9 371722  |a BIBGIM  |b BIBGIM  |d 2019-11-21  |h v.1  |i 3969444  |o 341.442 BAR 1984  |p 3969444  |r 2025-01-15  |w 2019-11-21  |y BK  |k GIM 
952 |0 0  |1 0  |4 0  |6 341_442000000000000_BAR_1984  |7 0  |8 A  |9 371723  |a BIBGIM  |b BIBGIM  |d 2019-11-21  |h v.2  |i 3969452  |o 341.442 BAR 1984  |p 3969452  |r 2025-01-15  |w 2019-11-21  |y BK  |k GIM 
952 |0 0  |1 0  |4 0  |6 341_442000000000000_BAR_1984  |7 0  |8 A  |9 371724  |a BIBGIM  |b BIBGIM  |d 2019-11-21  |h v.2  |i 3969460  |o 341.442 BAR 1984  |p 3969460  |r 2025-01-15  |w 2019-11-21  |y BK  |k GIM 
952 |0 0  |1 0  |4 0  |6 341_442000000000000_BAR_1984  |7 0  |8 A  |9 371725  |a BIBCUR  |b BIBCUR  |d 2019-11-21  |h v.1  |i 3969495  |o 341.442 BAR 1984  |p 3969495  |r 2025-04-22  |w 2019-11-21  |y BK  |k BCB 
952 |0 0  |1 0  |4 0  |6 341_442000000000000_BAR_1984  |7 0  |8 A  |9 371726  |a BIBCUR  |b BIBCUR  |d 2019-11-21  |h v.2  |i 3969509  |o 341.442 BAR 1984  |p 3969509  |r 2025-04-22  |w 2019-11-21  |y BK  |k BCB 
952 |0 0  |1 0  |4 0  |6 341_442000000000000_BAR_1984  |7 0  |8 A  |9 371727  |a BIBHIS  |b BIBHIS  |d 2019-11-21  |h v.1  |i 3967271  |o 341.442 BAR 1984  |p 3967271  |r 2025-01-20  |w 2019-11-21  |y BK  |k HIS 
952 |0 0  |1 0  |4 0  |6 341_442000000000000_BAR_1984  |7 0  |8 A  |9 371728  |a BIBHIS  |b BIBHIS  |d 2019-11-21  |h v.1  |i 396728K  |o 341.442 BAR 1984  |p 396728K  |r 2025-01-20  |w 2019-11-21  |y BK  |k HIS 
952 |0 0  |1 0  |4 0  |6 341_442000000000000_BAR_1984  |7 0  |8 A  |9 371729  |a BIBING  |b BIBING  |d 2019-11-21  |h v.1  |i 3967212  |o 341.442 BAR 1984  |p 3967212  |r 2025-01-20  |w 2019-11-21  |y BK  |k GEO 
952 |0 0  |1 0  |4 0  |6 341_442000000000000_BAR_1984  |7 0  |8 A  |9 371730  |a BIBING  |b BIBING  |d 2019-11-21  |h v.1  |i 3967220  |o 341.442 BAR 1984  |p 3967220  |r 2025-01-20  |w 2019-11-21  |y BK  |k GEO 
952 |0 0  |1 0  |4 0  |6 341_442000000000000_BAR_1984  |7 0  |8 A  |9 371731  |a BIBING  |b BIBING  |d 2019-11-21  |h v.1  |i 3967239  |o 341.442 BAR 1984  |p 3967239  |r 2025-01-20  |w 2019-11-21  |y BK  |k GEO 
952 |0 0  |1 0  |4 0  |6 341_442000000000000_BAR_1984  |7 0  |8 A  |9 371732  |a BIBING  |b BIBING  |d 2019-11-21  |h v.2  |i 3967247  |o 341.442 BAR 1984  |p 3967247  |r 2025-01-20  |w 2019-11-21  |y BK  |k GEO 
952 |0 0  |1 0  |4 0  |6 341_442000000000000_BAR_1984  |7 0  |8 A  |9 371733  |a BIBING  |b BIBING  |d 2019-11-21  |h v.2  |i 3967255  |o 341.442 BAR 1984  |p 3967255  |r 2025-01-20  |w 2019-11-21  |y BK  |k GEO 
952 |0 0  |1 0  |4 0  |6 341_442000000000000_BAR_1984  |7 0  |8 A  |9 371734  |a BIBING  |b BIBING  |d 2019-11-21  |h v.2  |i 3967263  |o 341.442 BAR 1984  |p 3967263  |r 2025-01-20  |w 2019-11-21  |y BK  |k GEO 
952 |0 0  |1 0  |4 0  |6 341_442000000000000_BAR_1984  |7 0  |8 A  |9 371735  |a BIBHIS  |b BIBHIS  |d 2019-11-21  |h v.2  |i 3967298  |o 341.442 BAR 1984  |p 3967298  |r 2025-01-20  |w 2019-11-21  |y BK  |k HIS 
952 |0 0  |1 0  |4 0  |6 341_442000000000000_BAR_1984  |7 0  |8 A  |9 371736  |a BIBHIS  |b BIBHIS  |d 2019-11-21  |h v.2  |i 3967301  |o 341.442 BAR 1984  |p 3967301  |r 2025-01-20  |w 2019-11-21  |y BK  |k HIS